Countries by Closest Non-Bordering Countries #2 - Statistics

General Stats
  • This quiz has been taken 49 times
  • The average score is 13 of 20
Answer Stats
Answer % Correct
India
97%
Belarus
83%
France
80%
Trinidad and Tobago
80%
Argentina
70%
Yemen
70%
Guinea
67%
Tunisia
67%
USA
67%
Palau
63%
East Timor
60%
New Zealand
60%
Taiwan
60%
Djibouti
57%
Liechtenstein
53%
Vatican City
50%
Azerbaijan
47%
Bahamas
47%
Spain
47%
Russia
43%
No matching quizzes found
Score Distribution
Percent of People with Each Score
Percentile by Number Answered
Your Score History
You have not taken this quiz